<?xml version="1.0" encoding="UTF-8"?>
<record
    xmlns:xsi="http://www.w3.org/2001/XMLSchema-instance"
    xsi:schemaLocation="http://www.loc.gov/MARC21/slim http://www.loc.gov/standards/marcxml/schema/MARC21slim.xsd"
    xmlns="http://www.loc.gov/MARC21/slim">

  <leader>01267nam a2200301 a 4500</leader>
  <controlfield tag="001">4770</controlfield>
  <controlfield tag="003">CDMR</controlfield>
  <controlfield tag="005">20171123171644.0</controlfield>
  <controlfield tag="008">130130|1926||||||||||||||||||||||||spa|d</controlfield>
  <datafield tag="022" ind1="0" ind2=" ">
    <subfield code="a">9969-4719</subfield>
  </datafield>
  <datafield tag="040" ind1=" " ind2=" ">
    <subfield code="a">CDMR</subfield>
    <subfield code="b">cat</subfield>
    <subfield code="c">CDMR</subfield>
  </datafield>
  <datafield tag="130" ind1="0" ind2=" ">
    <subfield code="9">4564</subfield>
    <subfield code="a">Hoja del Lunes (Barcelona, 1926)</subfield>
  </datafield>
  <datafield tag="245" ind1="1" ind2="0">
    <subfield code="a">Hoja Oficial de la Provincia de Barcelona</subfield>
  </datafield>
  <datafield tag="246" ind1="1" ind2=" ">
    <subfield code="a">Hoja oficial del lunes de la provincia de Barcelona</subfield>
  </datafield>
  <datafield tag="246" ind1="1" ind2=" ">
    <subfield code="a">Hoja oficial del lunes de Barcelona</subfield>
  </datafield>
  <datafield tag="260" ind1=" " ind2=" ">
    <subfield code="a">Barcelona</subfield>
    <subfield code="c">1926-1983</subfield>
    <subfield code="b">Casa Provincial de Caridad</subfield>
  </datafield>
  <datafield tag="300" ind1=" " ind2=" ">
    <subfield code="a">v.</subfield>
    <subfield code="b">il.</subfield>
    <subfield code="c">44 x 32 cm</subfield>
  </datafield>
  <datafield tag="310" ind1=" " ind2=" ">
    <subfield code="a">setmanal</subfield>
  </datafield>
  <datafield tag="362" ind1="0" ind2=" ">
    <subfield code="a">N&#xFA;m. 1 (4 gener 1926) - n&#xFA;m. 2292 (21 febrer 1983)</subfield>
  </datafield>
  <datafield tag="500" ind1=" " ind2=" ">
    <subfield code="a">A partir de l'any 1982 cont&#xE9; el suplement amb numeraci&#xF3; pr&#xF2;pia: Full de la cultura</subfield>
  </datafield>
  <datafield tag="546" ind1=" " ind2=" ">
    <subfield code="a">Text en castell&#xE0; i catal&#xE0;</subfield>
  </datafield>
  <datafield tag="650" ind1=" " ind2=" ">
    <subfield code="9">4533</subfield>
    <subfield code="a">Associacions de periodistes</subfield>
    <subfield code="y">1926 - 1983</subfield>
    <subfield code="z">Barcelona</subfield>
  </datafield>
  <datafield tag="710" ind1="2" ind2=" ">
    <subfield code="9">39</subfield>
    <subfield code="a">Associaci&#xF3; de la Premsa de Barcelona</subfield>
  </datafield>
  <datafield tag="710" ind1="2" ind2=" ">
    <subfield code="9">4566</subfield>
    <subfield code="a">Casa Provincial de Caridad de Barcelona</subfield>
  </datafield>
  <datafield tag="785" ind1="0" ind2="0">
    <subfield code="a">Full oficial del dilluns de Barcelona (1931)</subfield>
    <subfield code="d">Barcelona: Casa de Caritat, 1931-1939 </subfield>
  </datafield>
  <datafield tag="856" ind1="4" ind2="0">
    <subfield code="u">http://prensahistorica.mcu.es/es/consulta/registro.cmd?id=1028988</subfield>
    <subfield code="y">Disponible en l&#xED;nia (Biblioteca Virtual de Prensa Hist&#xF3;rica)</subfield>
  </datafield>
  <datafield tag="942" ind1=" " ind2=" ">
    <subfield code="c">SER</subfield>
    <subfield code="2">udc</subfield>
  </datafield>
  <datafield tag="999" ind1=" " ind2=" ">
    <subfield code="c">4770</subfield>
    <subfield code="d">4770</subfield>
  </datafield>
  <datafield tag="952" ind1=" " ind2=" ">
    <subfield code="0">0</subfield>
    <subfield code="1">0</subfield>
    <subfield code="4">0</subfield>
    <subfield code="7">1</subfield>
    <subfield code="a">CDMR</subfield>
    <subfield code="b">CDMR</subfield>
    <subfield code="d">2013-01-16</subfield>
    <subfield code="h">N&#xFA;m. 1 (4 gener 1926) - n&#xFA;m. 2292 (21 febrer 1983)</subfield>
    <subfield code="l">0</subfield>
    <subfield code="r">2013-01-16</subfield>
    <subfield code="w">2013-01-16</subfield>
    <subfield code="y">RES</subfield>
  </datafield>
</record>
